[Event "Najdorf Mem Open A 2014"]
[Site "Warsaw POL"]
[Date "2014.07.15"]
[Round "3.29"]
[White "Klekowski, Maciej"]
[Black "Erzhanov, Arman"]
[Result "1-0"]
[BlackTitle "FM"]
[WhiteElo "2385"]
[BlackElo "2278"]
[WhiteFideId "1132717"]
[BlackFideId "4138821"]
[EventDate "2014.07.14"]

1. c4 c5 2. Nf3 Nc6 3. Nc3 e5 4. d3 g6 5. g3 Bg7 6. Bg2 Nge7 7. O-O O-O 8. Ne1
Rb8 9. Nc2 a6 10. a4 d6 11. Rb1 a5 12. Ne3 Be6 13. Ned5 Nb4 14. f4 Nexd5 15.
cxd5 Bc8 16. fxe5 Bxe5 17. Bh6 Re8 18. Qd2 Qe7 19. Rbe1 Bd7 20. e3 b6 21. b3 b5
22. d4 Bh8 23. dxc5 dxc5 24. Ne4 Rb6 25. Bg5 Qf8 26. Rc1 Rxe4 27. Bxe4 bxa4 28.
bxa4 Bxa4 29. Bf4 Qe7 30. Bg2 g5 31. d6 Qd8 32. Rxc5 gxf4 33. Rxa5 Bc6 34. gxf4
Bg7 35. Rg5 h6 36. Rg3 Bb5 37. Qc3 f6 38. Qc7 Qxc7 39. dxc7 Ba6 40. Rd1 Nc6 41.
Rd8+ Kf7 42. Bd5+ 1-0

[Event "Najdorf Mem Open A 2014"]
[Site "Warsaw POL"]
[Date "2014.07.15"]
[Round "3.30"]
[White "Przedmojski, Rafal"]
[Black "Vaarala, Eric"]
[Result "1/2-1/2"]
[WhiteElo "2367"]
[BlackElo "2282"]
[WhiteFideId "1102451"]
[BlackFideId "1711962"]
[EventDate "2014.07.14"]

1. e4 c5 2. Nf3 e6 3. c3 d5 4. e5 Nc6 5. d4 Qb6 6. a3 c4 7. Nbd2 Na5 8. Be2 Bd7
9. O-O Ne7 10. Ng5 h6 11. Nh3 Nc8 12. Nf4 Be7 13. Nf3 Nb3 14. Rb1 a5 15. Be3 Qc7
16. Nd2 Nxd2 17. Qxd2 a4 18. Nh5 Bf8 19. g4 Ne7 20. f4 O-O-O 21. Rf2 Kb8 22.
Rbf1 g6 23. Ng3 h5 24. gxh5 Bh6 25. hxg6 fxg6 26. Rg2 Rdg8 27. Bd1 Qd8 28. Bc2
Be8 29. Qd1 b5 30. Bd2 Nf5 31. Qe1 Nh4 32. Re2 Bf8 33. Rff2 Be7 34. Bd1 Bf7 35.
Qf1 Qf8 36. Be3 Be8 37. Rd2 Qh6 38. Rde2 Qh7 39. Kh1 Kc7 40. Qg1 Bf7 41. Bd2 Be8
42. Be3 Bf7 43. Qe1 Be8 44. Qd2 Bf7 45. Re1 Be8 46. Rg1 Qf7 47. Qe2 Rg7 48. Nf1
Rgg8 49. Nd2 Nf5 50. Nf3 Rh3 51. Kg2 Qh7 52. Kf1 g5 53. fxg5 Bh5 54. Qd2 Bxf3
55. Bxf3 Nxe3+ 56. Qxe3 Rxh2 57. Rxh2 Qxh2 58. Rg2 Qh1+ 59. Ke2 Qb1 60. Qd2 Qf5
61. g6 Rxg6 62. Rxg6 Qxg6 63. Kd1 Bg5 64. Qc2 Qxc2+ 65. Kxc2 Kd7 66. Bh5 Ke7 1/2-1/2

[Event "Najdorf Mem Open A 2014"]
[Site "Warsaw POL"]
[Date "2014.07.15"]
[Round "3.31"]
[White "Polok, Kacper"]
[Black "Korchmar, Vasiliy"]
[Result "1-0"]
[BlackTitle "FM"]
[WhiteElo "2215"]
[BlackElo "2352"]
[WhiteFideId "1137158"]
[BlackFideId "24131750"]
[EventDate "2014.07.14"]

1. e4 e5 2. Nf3 Nc6 3. c3 d5 4. Qa4 f6 5. Bb5 Ne7 6. exd5 Qxd5 7. O-O Bd7 8. d4
e4 9. Nfd2 O-O-O 10. Re1 f5 11. Qb3 Qd6 12. f3 exf3 13. Nxf3 h6 14. Na3 g5 15.
Nc4 Qf6 16. Be3 a6 17. Bxc6 Bxc6 18. d5 Bxd5 19. Bd4 Qf7 20. Bxh8 Bxc4 21. Qc2
Ng6 22. Bd4 Bd6 23. Qf2 Bxa2 24. b4 Bc4 25. Nd2 Nf4 26. Nxc4 Qxc4 27. Qf1 Qxf1+
28. Kxf1 Bxb4 29. Bf6 Rf8 30. Bxg5 hxg5 31. cxb4 Nd3 32. Reb1 c6 33. Rb3 Nf4 34.
b5 cxb5 35. Rxb5 Rf6 36. Rc5+ Kb8 37. Rd1 Ka7 38. Rd7 g4 39. Kf2 Ne6 40. Rc6 a5
41. Re7 a4 42. Rexe6 Rxe6 43. Rxe6 b5 44. Ke3 a3 45. Kd3 1-0

[Event "Najdorf Mem Open A 2014"]
[Site "Warsaw POL"]
[Date "2014.07.15"]
[Round "3.32"]
[White "Deszczynski, Adam"]
[Black "Lewicki, Miroslaw"]
[Result "1-0"]
[BlackTitle "CM"]
[WhiteElo "2341"]
[BlackElo "2242"]
[WhiteFideId "1102753"]
[BlackFideId "1113380"]
[EventDate "2014.07.14"]

1. e4 c5 2. Nf3 d6 3. d4 cxd4 4. Qxd4 Bd7 5. c4 Nf6 6. Nc3 Nc6 7. Qd2 g6 8. b3
Bg7 9. Bb2 O-O 10. Be2 Qa5 11. Rb1 a6 12. a3 Rac8 13. O-O Rfd8 14. h3 Re8 15. b4
Qb6 16. Nd5 Nxd5 17. exd5 Nb8 18. Bxg7 Kxg7 19. Rbc1 e5 20. dxe6 Bxe6 21. Rfd1
d5 22. c5 Qd8 23. a4 Nd7 24. Nd4 Qf6 25. c6 bxc6 26. Bxa6 Ra8 27. Bb7 Rxa4 28.
Bxc6 Ra7 29. Nb5 Raa8 30. Nc7 Rad8 31. Nxe8+ 1-0

[Event "Najdorf Mem Open A 2014"]
[Site "Warsaw POL"]
[Date "2014.07.15"]
[Round "3.33"]
[White "Halak, Miklos"]
[Black "Nguyen, Piotr"]
[Result "1/2-1/2"]
[WhiteElo "2213"]
[BlackElo "2339"]
[WhiteFideId "726400"]
[BlackFideId "1127993"]
[EventDate "2014.07.14"]

1. e4 e6 2. d4 d5 3. Nc3 Bb4 4. exd5 exd5 5. Bd3 Nc6 6. a3 Bxc3+ 7. bxc3 Nge7 8.
Qf3 Be6 9. Ne2 Qd7 10. h3 O-O-O 11. O-O f6 12. Nf4 Bf5 13. Rb1 g5 14. Nh5 Rdf8
15. a4 Rhg8 16. Ba3 g4 17. Bxf5 Nxf5 18. hxg4 Nh4 19. Qh3 Rxg4 20. g3 Rfg8 21.
Nxf6 Rxg3+ 22. Qxg3 Rxg3+ 23. fxg3 Qh3 24. gxh4 Qg3+ 25. Kh1 Qh3+ 26. Kg1 Qg3+
27. Kh1 Qh3+ 28. Kg1 Qg3+ 1/2-1/2

[Event "Najdorf Mem Open A 2014"]
[Site "Warsaw POL"]
[Date "2014.07.15"]
[Round "3.34"]
[White "Wisniowska, Klaudia"]
[Black "Cabezas Ayala, Ivan"]
[Result "1/2-1/2"]
[WhiteTitle "WFM"]
[BlackTitle "FM"]
[WhiteElo "2186"]
[BlackElo "2333"]
[WhiteFideId "1181238"]
[BlackFideId "2207710"]
[EventDate "2014.07.14"]

1. e4 e5 2. Nf3 Nc6 3. Bb5 Nf6 4. O-O Nxe4 5. Re1 Nd6 6. Nxe5 Be7 7. Bf1 O-O 8.
d4 Nf5 9. c3 Nxe5 10. Rxe5 d6 11. Re1 Bg5 12. Nd2 Be6 13. Nf3 Bxc1 14. Qxc1 Nh4
15. Ng5 Qf6 16. Ne4 Qg6 17. Qf4 Qg4 18. Qxg4 Bxg4 19. Nd2 Rfe8 20. f3 Bd7 21.
Kf2 Kf8 22. Bd3 Rxe1 23. Rxe1 Re8 24. Rxe8+ Bxe8 25. g3 Ng6 26. a3 f6 27. Be4 b6
28. Bd3 h6 29. h4 1/2-1/2

[Event "Najdorf Mem Open A 2014"]
[Site "Warsaw POL"]
[Date "2014.07.15"]
[Round "3.35"]
[White "Cajbel, Maciej"]
[Black "Bartel, Michal"]
[Result "1/2-1/2"]
[BlackTitle "FM"]
[WhiteElo "2206"]
[BlackElo "2296"]
[WhiteFideId "1123475"]
[BlackFideId "1119257"]
[EventDate "2014.07.14"]

1. Nc3 d5 2. e4 dxe4 3. Nxe4 Nf6 4. Qe2 Nxe4 5. Qxe4 Nd7 6. Nf3 Nf6 7. Qe2 b6 8.
g3 Bb7 9. Bg2 e6 10. O-O Bd6 11. d4 O-O 12. b3 Qe7 13. Bb2 Rfd8 14. Rfe1 Rac8 1/2-1/2

[Event "Najdorf Mem Open A 2014"]
[Site "Warsaw POL"]
[Date "2014.07.15"]
[Round "3.36"]
[White "Shvayger, Yuliya"]
[Black "Jarmula, Pawel"]
[Result "1/2-1/2"]
[WhiteTitle "WIM"]
[WhiteElo "2287"]
[BlackElo "2140"]
[WhiteFideId "14100126"]
[BlackFideId "1146211"]
[EventDate "2014.07.14"]

1. e4 c5 2. Ne2 Nf6 3. Nbc3 d6 4. d4 cxd4 5. Nxd4 a6 6. f4 Qc7 7. Bd3 Nbd7 8.
Nf3 b5 9. O-O Bb7 10. Qe1 e6 11. Kh1 Be7 12. Bd2 Nc5 13. e5 Nfd7 14. Qg3 g6 15.
Rae1 O-O 16. Ng5 Bxg5 17. Qxg5 f6 18. exf6 Rxf6 19. Ne2 Nxd3 20. cxd3 Qc5 21.
Qg3 Raf8 22. Rc1 Qb6 23. Rfe1 b4 24. Be3 Qa5 25. Bd2 Qb6 26. Rc4 a5 27. Be3 Qd8
28. Rcc1 Bd5 29. a3 Qb8 30. Qh3 Qb7 31. axb4 axb4 32. Ra1 1/2-1/2

[Event "Najdorf Mem Open A 2014"]
[Site "Warsaw POL"]
[Date "2014.07.15"]
[Round "3.37"]
[White "Czerwonski, Aleksander"]
[Black "Gasik, Anna"]
[Result "1/2-1/2"]
[WhiteTitle "IM"]
[BlackTitle "WIM"]
[WhiteElo "2380"]
[BlackElo "2261"]
[WhiteFideId "1100459"]
[BlackFideId "1121952"]
[EventDate "2014.07.14"]

1. d4 d5 2. c4 e6 3. Nc3 Nf6 4. Bg5 Be7 5. e3 Nbd7 6. Nf3 O-O 7. Qc2 c6 8. O-O-O
Re8 9. h4 Qa5 10. Nd2 a6 11. Bd3 b5 12. c5 Nf8 13. Bxf6 Bxf6 14. f4 Bd8 15. g4
f6 16. g5 f5 17. Nf3 Qc7 18. Ne2 Bb7 19. Ne5 Nd7 20. Kb1 Nxe5 21. dxe5 Bc8 22.
Nd4 Rf8 23. Rc1 Bd7 24. Qe2 Bc8 25. Rc2 Qb7 26. h5 Bd7 27. Qd2 Be7 28. h6 g6 29.
Rhc1 Rfb8 30. Rc3 Qc7 31. Rb3 Qa7 32. Qc3 Qb7 33. Qa5 Qa7 34. Qc3 Qb7 35. Be2
Kf7 36. Qa5 Qa7 37. Qc3 Qb7 38. Bf3 Be8 39. Qd2 Qa7 40. Rbc3 Bd7 41. R3c2 Bf8
42. Be2 Be7 43. Bd3 Kg8 44. Qg2 Kf7 45. Qf3 Bf8 46. Qd1 Be7 47. Qf3 Bf8 48. Qd1
Be7 49. Qf3 Bf8 1/2-1/2

[Event "Najdorf Mem Open A 2014"]
[Site "Warsaw POL"]
[Date "2014.07.15"]
[Round "3.38"]
[White "Kukawski, Maciej"]
[Black "Plichta, Kamil"]
[Result "1/2-1/2"]
[WhiteElo "2346"]
[BlackElo "2247"]
[WhiteFideId "1124579"]
[BlackFideId "1141830"]
[EventDate "2014.07.14"]

1. e4 c5 2. Nf3 Nc6 3. Bb5 d6 4. Bxc6+ bxc6 5. O-O e5 6. c3 Bg4 7. h3 Bxf3 8.
Qxf3 Be7 9. Re1 Bg5 10. Na3 Ne7 11. Nc4 O-O 12. Qg4 Bh6 13. d3 Bxc1 14. Raxc1 f5
15. exf5 Nxf5 16. Ne3 Nxe3 17. Rxe3 Qe8 18. Rc2 Qf7 19. Qa4 Qd5 20. c4 Qf7 1/2-1/2

[Event "Najdorf Mem Open A 2014"]
[Site "Warsaw POL"]
[Date "2014.07.15"]
[Round "3.39"]
[White "Bednarek, Sylwester"]
[Black "Teglas, Balazs"]
[Result "1-0"]
[WhiteTitle "FM"]
[WhiteElo "2311"]
[BlackElo "2213"]
[WhiteFideId "1101811"]
[BlackFideId "727130"]
[EventDate "2014.07.14"]

1. d4 d6 2. c4 e5 3. Nf3 e4 4. Ng5 f5 5. Nc3 Be7 6. Nh3 Nf6 7. g3 O-O 8. Bg2 c6
9. d5 a5 10. O-O Na6 11. a3 Nc5 12. Rb1 cxd5 13. cxd5 a4 14. Be3 Qa5 15. Nf4 Bd7
16. f3 Rac8 17. Kh1 exf3 18. exf3 Rfe8 19. Re1 Nb3 20. Qd3 Bf8 21. Bg1 g6 22.
Ne6 Bxe6 23. dxe6 d5 24. Rbd1 Bxa3 25. Nxd5 Nxd5 26. bxa3 Nc3 27. Qd7 Nxd1 28.
Qf7+ Kh8 29. Rxd1 Nc5 1-0

[Event "Najdorf Mem Open A 2014"]
[Site "Warsaw POL"]
[Date "2014.07.15"]
[Round "3.40"]
[White "Goslawski, Michal"]
[Black "Obrusnik, Michal"]
[Result "0-1"]
[WhiteElo "2156"]
[BlackElo "2306"]
[WhiteFideId "1171259"]
[BlackFideId "1136674"]
[EventDate "2014.07.14"]

1. Nf3 c5 2. c4 Nc6 3. g3 g6 4. Bg2 Bg7 5. Nc3 e6 6. O-O d5 7. cxd5 exd5 8. d3
Nge7 9. Bg5 Be6 10. Qc1 O-O 11. Bh6 Bxh6 12. Qxh6 Nf5 13. Qg5 f6 14. Qd2 b6 15.
d4 c4 16. Rad1 Re8 17. Rfe1 Bf7 18. Bh3 Nd6 19. Qc2 b5 20. e3 Nb4 21. Qb1 g5 22.
e4 dxe4 0-1

[Event "Najdorf Mem Open A 2014"]
[Site "Warsaw POL"]
[Date "2014.07.15"]
[Round "3.42"]
[White "Arman, Deniz"]
[Black "Nowak, Lukasz2"]
[Result "1-0"]
[WhiteTitle "FM"]
[WhiteElo "2272"]
[BlackElo "2110"]
[WhiteFideId "6302106"]
[BlackFideId "1166760"]
[EventDate "2014.07.14"]

1. e4 c5 2. Ne2 e5 3. Nbc3 Nf6 4. Ng3 Nc6 5. Bc4 d6 6. d3 Nd4 7. Nd5 Nxd5 8.
Bxd5 Be7 9. c3 Nc6 10. O-O Bf6 11. Nh5 Be6 12. f4 Qd7 13. Nxf6+ gxf6 14. Bxc6
Qxc6 15. f5 Bd7 16. c4 Ke7 17. Bh6 b5 18. b3 bxc4 19. bxc4 Rab8 20. Qh5 Rhg8 21.
Be3 Qa4 22. Qe2 Rb7 23. Bf2 Qb4 24. Rad1 Ba4 25. Rd2 Qc3 26. Qe3 Rb2 27. Rxb2
Qxb2 28. Qh6 Qe2 29. Qxh7 Qg4 30. Bg3 Bd1 31. Qh6 Be2 32. Rb1 Bxd3 33. Rb7+ Ke8
34. Qd2 Bxe4 35. Rxa7 Bxf5 36. Qxd6 1-0

[Event "Najdorf Mem Open A 2014"]
[Site "Warsaw POL"]
[Date "2014.07.16"]
[Round "4.1"]
[White "Areshchenko, Alexander"]
[Black "Cheparinov, Ivan"]
[Result "1/2-1/2"]
[WhiteTitle "GM"]
[BlackTitle "GM"]
[WhiteElo "2701"]
[BlackElo "2690"]
[WhiteFideId "14109530"]
[BlackFideId "2905540"]
[EventDate "2014.07.14"]

1. e4 c5 2. Nf3 d6 3. d4 cxd4 4. Nxd4 Nf6 5. Nc3 a6 6. h3 e6 7. g4 Be7 8. Bg2
Nfd7 9. Be3 Nc6 10. O-O O-O 11. a4 Nde5 12. Nce2 Bd7 13. b3 Nxd4 14. Nxd4 Nc6
15. c4 Nxd4 16. Bxd4 e5 17. Bc3 Qb6 18. Kh1 Bg5 19. Bb2 Be6 20. Ba3 Rfd8 21. Qd3
Rd7 22. Rad1 Rc8 23. Qf3 Rc6 24. Rd3 Qc7 25. Rfd1 h6 26. Bb4 Qb6 27. Be1 Bf4 28.
Qe2 Qc7 29. Bd2 Bxd2 30. Qxd2 g5 31. Bf3 Kg7 1/2-1/2

[Event "Najdorf Mem Open A 2014"]
[Site "Warsaw POL"]
[Date "2014.07.16"]
[Round "4.2"]
[White "Fedoseev, Vladimir3"]
[Black "Kempinski, Robert"]
[Result "0-1"]
[WhiteTitle "GM"]
[BlackTitle "GM"]
[WhiteElo "2668"]
[BlackElo "2597"]
[WhiteFideId "24130737"]
[BlackFideId "1105663"]
[EventDate "2014.07.14"]

1. d4 d5 2. c4 c6 3. Nf3 Nf6 4. Nc3 g6 5. cxd5 cxd5 6. Qb3 Nc6 7. Bg5 Na5 8.
Qa4+ Bd7 9. Qd1 Nc4 10. e3 Nxb2 11. Qb3 Qa5 12. Bb5 Rc8 13. Bxf6 Rxc3 14. O-O
Rxb3 15. Bxd7+ Kxd7 16. axb3 Qxa1 17. Rxa1 exf6 18. Rxa7 Kc6 19. Ne1 Bb4 20. Nc2
Kb6 21. Ra2 Nd3 0-1

[Event "Najdorf Mem Open A 2014"]
[Site "Warsaw POL"]
[Date "2014.07.16"]
[Round "4.3"]
[White "Zhigalko, Andrey"]
[Black "Melkumyan, Hrant"]
[Result "1/2-1/2"]
[WhiteTitle "GM"]
[BlackTitle "GM"]
[WhiteElo "2585"]
[BlackElo "2647"]
[WhiteFideId "13502247"]
[BlackFideId "13302485"]
[EventDate "2014.07.14"]

1. Nf3 Nf6 2. g3 c5 3. Bg2 Nc6 4. O-O g6 5. d4 cxd4 6. Nxd4 Bg7 7. c4 O-O 8. Nc3
d6 9. Nxc6 bxc6 10. Bxc6 Rb8 11. Bg2 Qa5 12. Nb5 Bb7 13. Bxb7 Rxb7 14. Bd2 Qa6
15. Bc3 Rc8 16. b3 d5 17. Bxf6 Bxf6 18. Qxd5 Bxa1 19. Rxa1 Rbb8 20. Qe5 Qa5 21.
Qxe7 Re8 22. Qf6 Rxe2 23. Nc3 Re6 24. Qd4 Qf5 25. Kg2 Rbe8 26. Rd1 Re1 27. Rd3
h5 28. Nd5 R8e6 29. Re3 R1xe3 30. Nxe3 Qe4+ 31. Qxe4 Rxe4 32. Kf3 f5 33. b4 Kf7
34. a4 Ke6 35. a5 Kd6 36. h4 Rd4 37. b5 Kc5 38. a6 Re4 39. Kg2 f4 40. gxf4 Rxf4
41. Kg3 Re4 42. Kh3 Re5 43. Kh2 g5 44. hxg5 Rxg5 45. f4 Rg7 46. f5 Re7 47. Nd5
Rf7 48. b6 axb6 49. f6 b5 50. Ne7 Rxf6 51. cxb5 Rf3 52. a7 Ra3 53. Nf5 Rxa7 54.
Kh3 Kd5 55. Ng3 Rh7 56. b6 h4 57. Nf5 Ke5 58. Nxh4 Kf4 59. b7 Rxb7 60. Ng2+ Kf3
61. Nh4+ Ke4 62. Kg3 Rf7 63. Ng2 Rf8 64. Nh4 Rg8+ 65. Kf2 Rg7 66. Ng2 Rxg2+ 67.
Kxg2 1/2-1/2

[Event "Najdorf Mem Open A 2014"]
[Site "Warsaw POL"]
[Date "2014.07.16"]
[Round "4.4"]
[White "Shimanov, Aleksandr"]
[Black "Durarbayli, Vasif"]
[Result "0-1"]
[WhiteTitle "GM"]
[BlackTitle "GM"]
[WhiteElo "2644"]
[BlackElo "2590"]
[WhiteFideId "4198603"]
[BlackFideId "13402935"]
[EventDate "2014.07.14"]

1. d4 Nf6 2. Nf3 g6 3. c4 Bg7 4. Nc3 d5 5. cxd5 Nxd5 6. Bd2 O-O 7. e4 Nb6 8. Be3
Bg4 9. Be2 Nc6 10. d5 Bxf3 11. gxf3 Ne5 12. Qb3 Qc8 13. h4 c5 14. O-O-O c4 15.
Qc2 Nd3+ 16. Bxd3 cxd3 17. Rxd3 Nc4 18. Bd4 Bxd4 19. Rxd4 Qc5 20. Rhd1 Rfc8 21.
Kb1 Rc7 22. Qb3 Rac8 23. Ne2 b5 24. a3 a5 25. Nc1 b4 26. a4 Qb6 27. Ne2 Qf6 28.
f4 Qxh4 29. Qf3 Qf6 30. Qd3 Qb6 31. Qb3 Qa6 32. R4d3 Nd6 33. f3 Nb7 34. R3d2 Nc5
35. Qa2 Qf6 36. b3 Qh4 37. Qb2 Qf2 38. Nd4 Qe3 39. f5 Qf4 40. fxg6 fxg6 41. Rc2
Qf6 42. Rdc1 Nd3 43. Rxc7 Rxc7 44. Rxc7 Nxb2 45. Ne6 h5 0-1

[Event "Najdorf Mem Open A 2014"]
[Site "Warsaw POL"]
[Date "2014.07.16"]
[Round "4.5"]
[White "Petrosian, Tigran L."]
[Black "Sandipan, Chanda"]
[Result "1/2-1/2"]
[WhiteTitle "GM"]
[BlackTitle "GM"]
[WhiteElo "2629"]
[BlackElo "2597"]
[WhiteFideId "13301616"]
[BlackFideId "5004225"]
[EventDate "2014.07.14"]

1. e4 c5 2. Nf3 d6 3. Bb5+ Bd7 4. Bxd7+ Qxd7 5. O-O Nf6 6. Re1 Nc6 7. c3 e6 8.
d4 cxd4 9. cxd4 d5 10. e5 Ne4 11. Nbd2 Nxd2 12. Bxd2 Bb4 13. Rc1 Bxd2 14. Qxd2
O-O 15. Qd3 h6 16. Qa3 Rac8 17. Rc3 a6 18. Rec1 Na7 19. Rxc8 Rxc8 20. Rxc8+ Qxc8
21. g3 Qc1+ 22. Kg2 Nc6 23. Qb3 Qc4 24. Qxb7 Nxd4 25. b3 Qd3 26. Nxd4 Qxd4 27.
Qa8+ Kh7 28. Qxa6 Qe4+ 29. Kf1 Qb1+ 30. Ke2 Qc2+ 31. Ke3 Qc1+ 32. Kf3 Qc3+ 33.
Kg2 Qc2 34. Qa4 g5 35. a3 Qd1 36. h4 Kg7 37. hxg5 hxg5 38. Qb4 d4 39. Qe7 g4 40.
Qg5+ Kf8 41. Qd8+ 1/2-1/2

[Event "Najdorf Mem Open A 2014"]
[Site "Warsaw POL"]
[Date "2014.07.16"]
[Round "4.6"]
[White "Markowski, Tomasz"]
[Black "Mista, Aleksander"]
[Result "1-0"]
[WhiteTitle "GM"]
[BlackTitle "GM"]
[WhiteElo "2572"]
[BlackElo "2609"]
[WhiteFideId "1105680"]
[BlackFideId "1110381"]
[EventDate "2014.07.14"]

1. d4 Nf6 2. Nf3 e6 3. Nbd2 c5 4. e3 b6 5. b3 Bb7 6. Bb2 d5 7. Bd3 Bd6 8. O-O
O-O 9. Ne5 Nc6 10. a3 Rc8 11. f4 Ne7 12. Qf3 Rc7 13. Qh3 Ne4 14. dxc5 Bxc5 15.
b4 Bd6 16. Rad1 Qc8 17. c4 f5 18. Nxe4 dxe4 19. Be2 Rd8 20. Nf7 Kxf7 21. Qxh7
Ke8 22. Qxg7 Rc6 23. Bf6 1-0

[Event "Najdorf Mem Open A 2014"]
[Site "Warsaw POL"]
[Date "2014.07.16"]
[Round "4.7"]
[White "Bernadskiy, Vitaliy"]
[Black "Macieja, Bartlomiej"]
[Result "1/2-1/2"]
[WhiteTitle "IM"]
[BlackTitle "GM"]
[WhiteElo "2550"]
[BlackElo "2607"]
[WhiteFideId "14100371"]
[BlackFideId "1104306"]
[EventDate "2014.07.14"]

1. b3 c5 2. Bb2 Nc6 3. e3 e5 4. Bb5 Nge7 5. Nf3 f6 6. O-O d5 7. Nh4 g5 8. Qh5+
Kd7 9. Nf3 Qe8 10. Qxe8+ Kxe8 11. Ba3 a6 12. Be2 Ng6 13. Ne1 b5 14. Bb2 Be6 15.
a4 b4 16. Bh5 Kd7 17. d3 g4 18. g3 Bd6 19. Nd2 f5 20. f3 Raf8 21. fxg4 fxg4 22.
Ng2 Rxf1+ 23. Rxf1 Rf8 24. e4 Rxf1+ 25. Kxf1 d4 26. Nc4 Bc7 27. Bc1 Na5 28. Nxa5
Bxa5 29. Nh4 Nxh4 30. gxh4 Bd8 31. Bg5 a5 32. Kg2 h6 33. Bxh6 Bxh4 34. Bg7 Kd6
35. Bf8+ Be7 36. Bxe7+ Kxe7 37. Kg3 c4 38. dxc4 Bxc4 39. Bxg4 d3 40. Bd1 dxc2
41. Bxc2 Bf7 42. Kh4 1/2-1/2

[Event "Najdorf Mem Open A 2014"]
[Site "Warsaw POL"]
[Date "2014.07.16"]
[Round "4.8"]
[White "Indjic, Aleksandar"]
[Black "Ragger, Markus"]
[Result "0-1"]
[WhiteTitle "GM"]
[BlackTitle "GM"]
[WhiteElo "2542"]
[BlackElo "2639"]
[WhiteFideId "911925"]
[BlackFideId "1610856"]
[EventDate "2014.07.14"]

1. d4 Nf6 2. Nf3 d5 3. g3 Bf5 4. Bg2 h6 5. c4 e6 6. O-O c6 7. Nbd2 Be7 8. b3 O-O
9. Bb2 Nbd7 10. a3 a5 11. Ne1 Qb6 12. Nd3 Rfd8 13. Rc1 Ne4 14. Nf3 Qa6 15. a4
Bf6 16. Ba3 dxc4 17. bxc4 c5 18. e3 Rac8 19. Qe2 cxd4 20. Nxd4 Rxc4 21. Nxf5
exf5 22. Nb2 Rxc1 23. Qxa6 bxa6 24. Rxc1 Ne5 25. Bxe4 fxe4 26. Nc4 Nd3 27. Rb1
Bc3 28. Rb6 Be1 29. Rxa6 Rc8 30. Nb6 Rc2 31. Nd7 f6 32. Re6 Bxf2+ 33. Kf1 Ra2
34. Re8+ Kf7 35. Re7+ Kg6 36. Bd6 Ra1+ 37. Kg2 Rg1+ 38. Kh3 h5 39. Rxe4 Be1 40.
Rd4 Nf2+ 41. Kh4 Kh6 42. Bf8 Rg2 0-1

[Event "Najdorf Mem Open A 2014"]
[Site "Warsaw POL"]
[Date "2014.07.16"]
[Round "4.9"]
[White "Agdestein, Simen"]
[Black "Raznikov, Danny"]
[Result "1/2-1/2"]
[WhiteTitle "GM"]
[BlackTitle "IM"]
[WhiteElo "2637"]
[BlackElo "2500"]
[WhiteFideId "1500015"]
[BlackFideId "2811154"]
[EventDate "2014.07.14"]

1. d4 d5 2. c4 c6 3. cxd5 cxd5 4. Bf4 Nc6 5. e3 Nf6 6. Nc3 Bf5 7. Qb3 Na5 8.
Bb5+ Bd7 9. Qa4 e6 10. Bg5 Nc6 11. Qd1 Be7 12. Bd3 Qb6 13. Rb1 Nb4 14. Be2 h6
15. Bh4 Qa5 16. Qb3 g5 17. Bg3 Ne4 18. a3 Rc8 19. axb4 Bxb4 20. Nf3 Bxc3+ 21.
bxc3 Nxc3 22. Qb4 Qa2 23. Bd3 Nxb1 24. O-O Nc3 25. Be5 a5 26. Qd6 Rc6 27. Qb8+
Rc8 28. Qd6 Rc6 29. Qb8+ Rc8 30. Qxb7 Rg8 31. Bf6 Qa3 32. Ne5 Qd6 33. f3 a4 34.
Ra1 g4 35. Bh7 Rg5 36. f4 Rxe5 37. fxe5 Rb8 38. exd6 Rxb7 39. Kf2 Rb3 40. Kg3
Bb5 41. Kxg4 Kd7 42. Kh5 a3 43. Bc2 Rb2 44. Rxa3 Rxc2 45. Ra7+ Kxd6 46. Be5+ Kc6
47. Rxf7 Kb6 48. Rc7 Bc4 49. Rg7 Nd1 50. Bf4 Re2 51. Rg6 Kb5 52. g4 Nxe3 53.
Kxh6 Bd3 54. Rg8 Kc4 55. Be5 Rg2 56. Rc8+ Kb3 57. h3 Nc4 58. Bf4 Kc3 59. Be5 Kb3
60. Bf4 Re2 61. g5 Re4 62. Rf8 Rxd4 63. g6 Bxg6 64. Kxg6 e5 65. Bg5 e4 66. Re8
e3 67. Bxe3 Rd3 68. Bc5 Rxh3 69. Rd8 Ne5+ 70. Kf6 Nd3 71. Rxd5 Kc4 72. Rd8 Nxc5
73. Rc8 Rh5 74. Rd8 Nb3 75. Kg6 Ra5 76. Rc8+ Kd4 77. Rh8 Nc5 78. Kf5 Nd3+ 79.
Kf6 Ke4 80. Rh1 Ra6+ 81. Ke7 Rb6 82. Rd1 Nc5 83. Rh1 Re6+ 84. Kf7 Rb6 85. Ke7
Rc6 86. Kf7 Ne6 87. Ke7 Ng5 88. Ra1 Nf3 89. Rf1 Rh6 90. Ra1 Nd4 91. Kd7 Nb3 92.
Re1+ Kd5 93. Rd1+ Nd4 94. Ke7 Re6+ 95. Kf7 Re4 96. Kf6 Kd6 97. Rf1 Re8 98. Ra1
Rf8+ 99. Kg5 Nf3+ 100. Kg4 Ke5 101. Ra5+ Ke4 102. Ra4+ Nd4 103. Kg5 1/2-1/2

[Event "Najdorf Mem Open A 2014"]
[Site "Warsaw POL"]
[Date "2014.07.16"]
[Round "4.10"]
[White "Romanishin, Oleg M"]
[Black "Krasenkow, Michal"]
[Result "1/2-1/2"]
[WhiteTitle "GM"]
[BlackTitle "GM"]
[WhiteElo "2502"]
[BlackElo "2623"]
[WhiteFideId "14100088"]
[BlackFideId "1113100"]
[EventDate "2014.07.14"]

1. Nf3 d5 2. g3 c6 3. Bg2 Bg4 4. c4 e6 5. Qb3 Qb6 6. d3 Nd7 7. Be3 Bc5 8. Bxc5
Nxc5 9. Qc3 Bxf3 10. Bxf3 Nf6 11. Nd2 O-O 12. O-O Rfe8 13. Rfc1 Ncd7 14. Qb3 Qa5
15. Qc3 Qb6 16. Qb3 Qa5 17. Qc3 1/2-1/2

[Event "Najdorf Mem Open A 2014"]
[Site "Warsaw POL"]
[Date "2014.07.16"]
[Round "4.11"]
[White "Socko, Bartosz"]
[Black "Luch, Michal"]
[Result "1-0"]
[WhiteTitle "GM"]
[BlackTitle "IM"]
[WhiteElo "2616"]
[BlackElo "2447"]
[WhiteFideId "1107038"]
[BlackFideId "1120042"]
[EventDate "2014.07.14"]

1. e4 e5 2. Nf3 Nc6 3. Bb5 Nf6 4. d3 Ne7 5. Nc3 c6 6. Bc4 Ng6 7. h4 h5 8. Ng5 d5
9. exd5 b5 10. Bb3 cxd5 11. d4 e4 12. Qe2 a6 13. f3 Bb4 14. fxe4 Bg4 15. Qf2 Qc7
16. O-O Bxc3 17. bxc3 Be6 18. exd5 Nxd5 19. Nxe6 fxe6 20. Bxd5 exd5 21. Re1+ 1-0